O rei leão (Registo nº 28484)
[ vista simples ]
| 000 -Etiqueta do registo | |
|---|---|
| Valores | 00505cam a2200229 4500 |
| 021 ## - Número do Depósito Legal | |
| -- | PT |
| 090 ## - | |
| -- | 28484 |
| 095 ## - | |
| -- | PTBN00746342 |
| 100 ## - Dados gerais de processamento | |
| Dados gerais | 20071009d1994 c y0pory5003 ba |
| 101 1# - Língua de publicação | |
| -- | por |
| -- | spa |
| 102 ## - País de publicação | |
| -- | PT |
| 105 ## - | |
| -- | a z 000ay |
| 106 ## - | |
| -- | d |
| 200 1# - Titulo e menção de responsabilidade | |
| Título próprio | O rei leão |
| 210 ## - Publicação | |
| Local de publicação | Editora Sol |
| Data de publicação | 12994 |
| 215 ## - Descrição física | |
| Paginação / Volumes | [6] p. |
| Outras indicações físicas | muito il. tridimensional |
| Dimensões | 25 cm |
| 675 ## - CDU | |
| Notação | 087.5 |
| Edição | BNL |
| Língua | por |
| 801 #0 - Fonte de origem | |
| País | PT |
| 930 ## - | |
| -- | BECRE |
| 990 ## - Elementos KOHA | |
| Tipo de documento | Livro |
| 995 ## - Localização e informação dos exemplares | |
| -- | 18 |
| Situação do levantamento | Estado | Biblioteca de origem | Biblioteca de empréstimo | Código de barras | Cota | Permissão de empréstimo | Tipo de documento |
|---|---|---|---|---|---|---|---|
| Completo | Biblioteca do Centro Escolar de Viana do Alentejo | Biblioteca do Centro Escolar de Viana do Alentejo | 982BV | 087.5 REI | Disponível | Livro |